000 00781nam a2200241Ia 4500
003 GCL
008 140319s9999 xx 000 0 ara d
020 _a4235208977
040 _aGCL /
_cGCL
082 0 4 _a630
_bع د
100 1 _aعلى الدجوى
245 1 0 _aالدليل التطبيقى للزراعات المحمية /
_cعلى الدجوى
260 _aالقاهرة :
_bمكتبة مدبولى ،
_c1999
300 _a706 ص ؛
_c24 سم
490 _aالمكتبة الزراعية
_v0
650 0 4 _aالزراعة
650 0 4 _aهندسة الرى
650 0 4 _aالتنمية الزراعية
650 0 4 _aالمحاصيل الزراعية
650 0 4 _aالتخطيط الزراعى
650 0 4 _aالارشاد الزراعى
942 _2ddc
_cBK
999 _c52293
_d52293